<?xml version="1.0" encoding="UTF-8"?>
<record
    xmlns:xsi="http://www.w3.org/2001/XMLSchema-instance"
    xsi:schemaLocation="http://www.loc.gov/MARC21/slim http://www.loc.gov/standards/marcxml/schema/MARC21slim.xsd"
    xmlns="http://www.loc.gov/MARC21/slim">

  <leader>00924nam a22001937a 4500</leader>
  <controlfield tag="005">20241218121149.0</controlfield>
  <datafield tag="010" ind1=" " ind2=" ">
    <subfield code="a">DEC24UP HIN-128959</subfield>
  </datafield>
  <datafield tag="020" ind1=" " ind2=" ">
    <subfield code="c">375.00 </subfield>
    <subfield code="a">9789363195356</subfield>
  </datafield>
  <datafield tag="035" ind1=" " ind2=" ">
    <subfield code="a">HN-101305</subfield>
  </datafield>
  <datafield tag="037" ind1=" " ind2=" ">
    <subfield code="b">DBAD/PUB</subfield>
  </datafield>
  <datafield tag="082" ind1=" " ind2=" ">
    <subfield code="a">000</subfield>
  </datafield>
  <datafield tag="100" ind1=" " ind2=" ">
    <subfield code="a">&#x932;&#x93E;&#x932;</subfield>
    <subfield code="9">75335</subfield>
  </datafield>
  <datafield tag="245" ind1=" " ind2=" ">
    <subfield code="a">&#x909;&#x92A;&#x915;&#x93E;&#x930; &#x92D;&#x93E;&#x930;&#x924;&#x940;&#x92F; &#x935;&#x93E;&#x92F;&#x941; &#x938;&#x947;&#x928;&#x93E; &#x905;&#x917;&#x94D;&#x928;&#x93F;&#x935;&#x940;&#x930; &#x91A;&#x92F;&#x928; &#x92A;&#x930;&#x940;&#x915;&#x94D;&#x937;&#x93E;:</subfield>
    <subfield code="b">&#x917;&#x948;&#x930;-&#x935;&#x93F;&#x91C;&#x94D;&#x91E;&#x93E;&#x928; &#x935;&#x93F;&#x937;&#x92F; &#x915;&#x947; &#x932;&#x93F;&#x90F;/</subfield>
    <subfield code="c">&#x932;&#x93E;&#x932; &#x90F;&#x935;&#x902; &#x91C;&#x948;&#x928; </subfield>
  </datafield>
  <datafield tag="260" ind1=" " ind2=" ">
    <subfield code="a">&#x906;&#x917;&#x930;&#x93E;</subfield>
    <subfield code="b">&#x909;&#x92A;&#x915;&#x93E;&#x930; &#x92A;&#x94D;&#x930;&#x915;&#x93E;&#x936;&#x928;</subfield>
    <subfield code="c">2025</subfield>
  </datafield>
  <datafield tag="270" ind1=" " ind2=" ">
    <subfield code="a">1 &#x938;&#x94D;&#x91F;&#x947;&#x91F; &#x92C;&#x948;&#x902;&#x915; &#x915;&#x949;&#x932;&#x94B;&#x928;&#x940;, &#x928;&#x93F;&#x915;&#x91F; &#x916;&#x928;&#x94D;&#x926;&#x93E;&#x930;&#x940;, &#x906;&#x917;&#x930;&#x93E;-&#x92E;&#x925;&#x941;&#x930;&#x93E; &#x92C;&#x93E;&#x908;-&#x92A;&#x93E;&#x938;,</subfield>
    <subfield code="b">&#x906;&#x917;&#x930;&#x93E;</subfield>
    <subfield code="e">282005</subfield>
    <subfield code="m">care@upkar.in</subfield>
  </datafield>
  <datafield tag="300" ind1=" " ind2=" ">
    <subfield code="a">viii, 384 &#x92A;&#x943;</subfield>
    <subfield code="c">27 &#x938;&#x947;&#x92E;&#x940; (&#x905;&#x91C;&#x93F;&#x932;&#x94D;&#x926;)</subfield>
  </datafield>
  <datafield tag="700" ind1=" " ind2=" ">
    <subfield code="a">&#x91C;&#x948;&#x928;</subfield>
    <subfield code="9">75318</subfield>
  </datafield>
  <datafield tag="942" ind1=" " ind2=" ">
    <subfield code="2">ddc</subfield>
    <subfield code="c">HN</subfield>
    <subfield code="h">000</subfield>
    <subfield code="m">&#x932;&#x93E;&#x932;</subfield>
  </datafield>
  <datafield tag="999" ind1=" " ind2=" ">
    <subfield code="c">207784</subfield>
    <subfield code="d">207784</subfield>
  </datafield>
  <datafield tag="952" ind1=" " ind2=" ">
    <subfield code="0">0</subfield>
    <subfield code="1">0</subfield>
    <subfield code="4">0</subfield>
    <subfield code="7">0</subfield>
    <subfield code="8">NFIC</subfield>
    <subfield code="a">L</subfield>
    <subfield code="b">L</subfield>
    <subfield code="d">2024-12-18</subfield>
    <subfield code="e">DBAD</subfield>
    <subfield code="g">375.00</subfield>
    <subfield code="l">2</subfield>
    <subfield code="o">000 &#x932;&#x93E;&#x932;</subfield>
    <subfield code="p">HN-101305</subfield>
    <subfield code="r">2026-04-07 16:46:40</subfield>
    <subfield code="s">2026-03-23</subfield>
    <subfield code="t">1</subfield>
    <subfield code="v">375.00</subfield>
    <subfield code="w">2024-12-18</subfield>
    <subfield code="y">HN</subfield>
  </datafield>
</record>
